| 000 | 00506nam a2200181Ia 4500 | ||
|---|---|---|---|
| 001 | 20700 | ||
| 005 | 20260306172825.0 | ||
| 008 | 260306t2009||||xx |||||||||||||| ||spa|| | ||
| 041 | _aESP | ||
| 082 |
_a343.6L _bM86 |
||
| 100 |
_aMorón Urbina, Juan Carlos _eAUT |
||
| 245 | 0 |
_aLos recursos en la ley del procedimiento administrativo general: _by en los procedimientos sectoriales |
|
| 260 | _c2009 | ||
| 300 |
_a342 páginas : _c24 cm. |
||
| 650 | _aGEN | ||
| 654 | _aCDE | ||
| 942 |
_cLIB _dJUS _fJUS _2ddc _n |
||
| 999 |
_c20700 _d20700 |
||